<?xml version="1.0" encoding="UTF-8"?>
<record
    xmlns:xsi="http://www.w3.org/2001/XMLSchema-instance"
    xsi:schemaLocation="http://www.loc.gov/MARC21/slim http://www.loc.gov/standards/marcxml/schema/MARC21slim.xsd"
    xmlns="http://www.loc.gov/MARC21/slim">

  <leader>     nam a22     7a 4500</leader>
  <datafield tag="999" ind1=" " ind2=" ">
    <subfield code="c">50262</subfield>
    <subfield code="d">50262</subfield>
  </datafield>
  <controlfield tag="003">OSt</controlfield>
  <controlfield tag="005">20201118093918.0</controlfield>
  <controlfield tag="008">201118b        xxu||||| |||| 00| 0 eng d</controlfield>
  <datafield tag="040" ind1=" " ind2=" ">
    <subfield code="c">SERO SOFT</subfield>
  </datafield>
  <datafield tag="100" ind1=" " ind2=" ">
    <subfield code="a">AIR</subfield>
  </datafield>
  <datafield tag="245" ind1=" " ind2=" ">
    <subfield code="a">ALL INDIA REPORTER</subfield>
  </datafield>
  <datafield tag="260" ind1=" " ind2=" ">
    <subfield code="a">NAGPUR</subfield>
    <subfield code="b">AIR PVT</subfield>
  </datafield>
  <datafield tag="300" ind1=" " ind2=" ">
    <subfield code="a">48-288</subfield>
  </datafield>
  <datafield tag="942" ind1=" " ind2=" ">
    <subfield code="2">ddc</subfield>
    <subfield code="c">04</subfield>
  </datafield>
  <datafield tag="952" ind1=" " ind2=" ">
    <subfield code="0">0</subfield>
    <subfield code="1">0</subfield>
    <subfield code="2">ddc</subfield>
    <subfield code="4">0</subfield>
    <subfield code="7">0</subfield>
    <subfield code="a">04</subfield>
    <subfield code="b">04</subfield>
    <subfield code="d">2020-11-18</subfield>
    <subfield code="e">WESTERN LAW HOUSE</subfield>
    <subfield code="p">04-B-8065</subfield>
    <subfield code="r">2020-11-18</subfield>
    <subfield code="w">2020-11-18</subfield>
    <subfield code="y">04</subfield>
  </datafield>
  <datafield tag="952" ind1=" " ind2=" ">
    <subfield code="0">0</subfield>
    <subfield code="1">0</subfield>
    <subfield code="2">ddc</subfield>
    <subfield code="4">0</subfield>
    <subfield code="7">0</subfield>
    <subfield code="a">04</subfield>
    <subfield code="b">04</subfield>
    <subfield code="d">2020-11-18</subfield>
    <subfield code="e">WESTERN LAW HOUSE</subfield>
    <subfield code="l">0</subfield>
    <subfield code="p">04-B-8066</subfield>
    <subfield code="r">2020-11-18</subfield>
    <subfield code="w">2020-11-18</subfield>
    <subfield code="y">04</subfield>
  </datafield>
  <datafield tag="952" ind1=" " ind2=" ">
    <subfield code="0">0</subfield>
    <subfield code="1">0</subfield>
    <subfield code="2">ddc</subfield>
    <subfield code="4">0</subfield>
    <subfield code="7">0</subfield>
    <subfield code="a">04</subfield>
    <subfield code="b">04</subfield>
    <subfield code="d">2020-11-18</subfield>
    <subfield code="e">WESTERN LAW HOUSE</subfield>
    <subfield code="l">0</subfield>
    <subfield code="p">04-B-8067</subfield>
    <subfield code="r">2020-11-18</subfield>
    <subfield code="w">2020-11-18</subfield>
    <subfield code="y">04</subfield>
  </datafield>
  <datafield tag="952" ind1=" " ind2=" ">
    <subfield code="0">0</subfield>
    <subfield code="1">0</subfield>
    <subfield code="2">ddc</subfield>
    <subfield code="4">0</subfield>
    <subfield code="7">0</subfield>
    <subfield code="a">04</subfield>
    <subfield code="b">04</subfield>
    <subfield code="d">2020-11-18</subfield>
    <subfield code="e">WESTERN LAW HOUSE</subfield>
    <subfield code="l">0</subfield>
    <subfield code="p">04-B-8068</subfield>
    <subfield code="r">2020-11-18</subfield>
    <subfield code="w">2020-11-18</subfield>
    <subfield code="y">04</subfield>
  </datafield>
  <datafield tag="952" ind1=" " ind2=" ">
    <subfield code="0">0</subfield>
    <subfield code="1">0</subfield>
    <subfield code="2">ddc</subfield>
    <subfield code="4">0</subfield>
    <subfield code="7">0</subfield>
    <subfield code="a">04</subfield>
    <subfield code="b">04</subfield>
    <subfield code="d">2020-11-18</subfield>
    <subfield code="e">WESTERN LAW HOUSE</subfield>
    <subfield code="l">0</subfield>
    <subfield code="p">04-B-8069</subfield>
    <subfield code="r">2020-11-18</subfield>
    <subfield code="w">2020-11-18</subfield>
    <subfield code="y">04</subfield>
  </datafield>
  <datafield tag="952" ind1=" " ind2=" ">
    <subfield code="0">0</subfield>
    <subfield code="1">0</subfield>
    <subfield code="2">ddc</subfield>
    <subfield code="4">0</subfield>
    <subfield code="7">0</subfield>
    <subfield code="a">04</subfield>
    <subfield code="b">04</subfield>
    <subfield code="d">2020-11-18</subfield>
    <subfield code="e">WESTERN LAW HOUSE</subfield>
    <subfield code="l">0</subfield>
    <subfield code="p">04-B-8070</subfield>
    <subfield code="r">2020-11-18</subfield>
    <subfield code="w">2020-11-18</subfield>
    <subfield code="y">04</subfield>
  </datafield>
  <datafield tag="952" ind1=" " ind2=" ">
    <subfield code="0">0</subfield>
    <subfield code="1">0</subfield>
    <subfield code="2">ddc</subfield>
    <subfield code="4">0</subfield>
    <subfield code="7">0</subfield>
    <subfield code="a">04</subfield>
    <subfield code="b">04</subfield>
    <subfield code="d">2020-11-18</subfield>
    <subfield code="e">WESTERN LAW HOUSE</subfield>
    <subfield code="l">0</subfield>
    <subfield code="p">04-B-8071</subfield>
    <subfield code="r">2020-11-18</subfield>
    <subfield code="w">2020-11-18</subfield>
    <subfield code="y">04</subfield>
  </datafield>
  <datafield tag="952" ind1=" " ind2=" ">
    <subfield code="0">0</subfield>
    <subfield code="1">0</subfield>
    <subfield code="2">ddc</subfield>
    <subfield code="4">0</subfield>
    <subfield code="7">0</subfield>
    <subfield code="a">04</subfield>
    <subfield code="b">04</subfield>
    <subfield code="d">2020-11-18</subfield>
    <subfield code="e">WESTERN LAW HOUSE</subfield>
    <subfield code="l">0</subfield>
    <subfield code="p">04-B-8072</subfield>
    <subfield code="r">2020-11-18</subfield>
    <subfield code="w">2020-11-18</subfield>
    <subfield code="y">04</subfield>
  </datafield>
  <datafield tag="952" ind1=" " ind2=" ">
    <subfield code="0">0</subfield>
    <subfield code="1">0</subfield>
    <subfield code="2">ddc</subfield>
    <subfield code="4">0</subfield>
    <subfield code="7">0</subfield>
    <subfield code="a">04</subfield>
    <subfield code="b">04</subfield>
    <subfield code="d">2020-11-18</subfield>
    <subfield code="e">WESTERN LAW HOUSE</subfield>
    <subfield code="l">0</subfield>
    <subfield code="p">04-B-8073</subfield>
    <subfield code="r">2020-11-18</subfield>
    <subfield code="w">2020-11-18</subfield>
    <subfield code="y">04</subfield>
  </datafield>
  <datafield tag="952" ind1=" " ind2=" ">
    <subfield code="0">0</subfield>
    <subfield code="1">0</subfield>
    <subfield code="2">ddc</subfield>
    <subfield code="4">0</subfield>
    <subfield code="7">0</subfield>
    <subfield code="a">04</subfield>
    <subfield code="b">04</subfield>
    <subfield code="d">2020-11-18</subfield>
    <subfield code="e">WESTERN LAW HOUSE</subfield>
    <subfield code="l">0</subfield>
    <subfield code="p">04-B-8074</subfield>
    <subfield code="r">2020-11-18</subfield>
    <subfield code="w">2020-11-18</subfield>
    <subfield code="y">04</subfield>
  </datafield>
</record>
